000 00457nam a22001937a 4500
003 MPLRDC
005 20220104180716.0
008 210129b ||||| |||| 00| 0 eng d
020 _a983-74-0524-4
082 _a524.946 LAY-2 1996 c.2
100 _aLAU HUT YEE
245 _aSAINS SPM
_c
250 _a初版
260 _a
_bLONGMAN
_c1996
300 _b
490 _aREVISI DIAGRAMATIK SPM
650 _a
942 _cBK
_o524.946 LAY-2 1996 c.2
999 _c61063
_d61053